Towards freedom : (Record no. 48993)

MARC details
000 -LEADER
fixed length control field 01189nam a22002657a 4500
005 - DATE AND TIME OF LATEST TRANSACTION
control field 20101207103531.0
008 - FIXED-LENGTH DATA ELEMENTS--GENERAL INFORMATION
fixed length control field 101207t xxu||||| |||| 00| 0 eng d
010 ## - LCCN (DPL NO)
LC control number ENG-101771
020 ## - INTERNATIONAL STANDARD BOOK NUMBER
International Standard Book Number 9780198070030
Terms of availability 3950.00
020 ## - INTERNATIONAL STANDARD BOOK NUMBER
International Standard Book Number 0198070039
Terms of availability 3950.00
035 ## - SYSTEM CONTROL NUMBER
System control number EN-85304
037 ## - SOURCE OF ACQUISITION
Source of stock number/acquisition DBAD / PUB
040 ## - CATALOGING SOURCE
Original cataloging agency dpl
Language of cataloging English
082 ## - DEWEY DECIMAL CLASSIFICATION NUMBER
Classification number 954.0841
245 ## - TITLE STATEMENT
Title Towards freedom :
Remainder of title documents on the movement for independence in India - 1940/
Statement of responsibility, etc edited by K.N. Panikkar; with a preface by the general editor Sabyasachi Bhattacharya
260 ## - PUBLICATION, DISTRIBUTION, ETC. (IMPRINT)
Place of publication, distribution, etc New Delhi
Name of publisher, distributor, etc Oxford University Press
Date of publication, distribution, etc 2010
260 ## - PUBLICATION, DISTRIBUTION, ETC. (IMPRINT)
Place of publication, distribution, etc New Delhi
Name of publisher, distributor, etc Indian Council of Historical Research (ICHR)
Date of publication, distribution, etc 2010
270 ## - ADDRESS
Address YMCA Library Building, Jai Singh Road
City New Delhi
Postal code 110 001
300 ## - PHYSICAL DESCRIPTION
Extent pt.2 (lxxii.709-1457p.)
Dimensions 28cm (Hb)
490 ## - SERIES STATEMENT
Series statement ICHR: towards freedom/ edited by Sabyasachi Bhattacharya
-- 24621
500 ## - GENERAL NOTE
General note Includes index
700 ## - ADDED ENTRY--PERSONAL NAME
Personal name Panikkar, K.N.
9 (RLIN) 24622
942 ## - ADDED ENTRY ELEMENTS (KOHA)
Institution code [OBSOLETE] dpl
Item type English Books
Source of classification or shelving scheme Dewey Decimal Classification
Classification part 954.0841
Call number suffix TOW
Holdings
Withdrawn status Lost status Source of classification or shelving scheme Materials specified (bound volume or other part) Damaged status Not for loan Collection code Home library Current library Date acquired Source of acquisition Cost, normal purchase price Total Checkouts Full call number Barcode Date last seen Copy number Cost, replacement price Koha item type
    Dewey Decimal Classification Pt.2   Not For Loan Non-fiction D.B.Act.Division D.B.Act.Division 07/12/2010 DBAD/PUB 3950.00   954.0841 TOW EN-85304 07/12/2010 1 3950.00 English Books

© Delhi Public Library
Hit Counter
free hit counter